World Islands Quiz - Borneo - Statistics

General Stats
  • This quiz has been taken 8 times
  • The average score is 11 of 17
Answer Stats
Hint Answer % Correct
Only capital city on the island Bandar Seri Begawan
100%
Countries that share the island Brunei
100%
Islands larger than Borneo Greenland
100%
Countries that share the island Indonesia
100%
Countries that share the island Malaysia
100%
Major latitude line that passes through Borneo Equator
88%
Dominant religion Islam
88%
Islands larger than Borneo New Guinea
88%
Great ape species native to Borneo Orangutan
88%
Sea to the North South China Sea
88%
The "king of fruits", native to Borneo Durian
50%
Major agricultural product that is a leading cause of deforestation Palm Oil
50%
Major coastal city in the east Balikpapan
25%
Highest mountain Mount Kinabalu
25%
Indonesia's new capital city Nusantara
25%
Largest city Samarinda
13%
World’s largest cave chamber Sarawak Chamber
0%
No matching quizzes found
Score Distribution
Percent of People with Each Score
Percentile by Number Answered
Your Score History
You have not taken this quiz